LEADER 07231cam a2201201 c 4500
001 513274790
003 DE-627
005 20260615220550.0
007 tu
008 060614s2007 gw ||||| 00| ||ger c
015 |a 06,N26,1342  |2 dnb 
015 |a 06,N26,1342  |2 dnb 
016 7 |a 979904404  |2 DE-101 
020 |a 3865681255  |q Gb. : ca. EUR 79.00, ca. EUR 81.25 (AT), ca. sfr 132.00  |9 3-86568-125-5 
020 |a 9783865681256  |q  : Gb. : EUR 135.00  |9 978-3-86568-125-6 
024 3 |a 9783865681256 
035 |a (DE-627)513274790 
035 |a (DE-603)181522616 
035 |a (DE-576)254712703 
035 |a (DE-599)DNB979904404 
035 |a (OCoLC)237138723 
035 |a (OCoLC)237138723 
040 |a DE-627  |b ger  |c DE-627  |e rakwb 
041 |a ger 
044 |c XA-DE-HE 
050 0 |a DD901.N92 
082 0 |a 700 
082 0 |a 726.50943324  |q OCLC  |2 22 
082 0 4 |a 720  |a 230  |a 700 
084 |a 9,10  |2 ssgn 
084 |a NS 3020  |q BVB  |2 rvk  |0 (DE-625)rvk/130666: 
084 |a LK 55892  |2 rvk  |0 (DE-625)rvk/97985:13313 
084 |a 21.70  |2 bkl 
084 |a 56.88  |2 bkl 
084 |a 15.56  |2 bkl 
100 1 |a Weilandt, Gerhard  |d 1957-  |0 (DE-588)113236832  |0 (DE-627)540497983  |0 (DE-576)170149455  |4 aut 
245 1 4 |a Die Sebalduskirche in Nürnberg  |b Bild und Gesellschaft im Zeitalter der Gotik und Renaissance  |c Gerhard Weilandt 
264 1 |a Petersberg  |b Imhof  |c 2007 
300 |a 782 S.  |b zahlr. Ill., Kt.  |c 33 cm 
336 |a Text  |b txt  |2 rdacontent 
337 |a ohne Hilfsmittel zu benutzen  |b n  |2 rdamedia 
338 |a Band  |b nc  |2 rdacarrier 
490 1 |a Studien zur internationalen Architektur- und Kunstgeschichte  |v 47 
500 |a Literaturverz. S. 732 - 753 und Register 
583 1 |a Archivierung/Langzeitarchivierung gewährleistet  |f SSG  |x XA-DE-BW  |2 pdager  |5 DE-16 
583 1 |a Archivierung prüfen  |c 20260410  |f DE-4165  |z 3  |2 pdager 
583 1 |a Archivierung/Langzeitarchivierung gewährleistet  |f PEHE  |2 pdager  |5 DE-66 
610 2 4 |a Sebalduskirche (Nuremberg, Germany) 
650 0 7 |0 (DE-588)4020517-4  |0 (DE-627)106317768  |0 (DE-576)208933697  |a Geschichte  |2 gnd 
650 0 7 |0 (DE-588)4114333-4  |0 (DE-627)105822957  |0 (DE-576)209483733  |a Kunst  |2 gnd 
650 0 7 |0 (DE-588)4002851-3  |0 (DE-627)104280352  |0 (DE-576)208848975  |a Architektur  |2 gnd 
650 0 7 |0 (DE-588)4021656-1  |0 (DE-627)104732164  |0 (DE-576)208939210  |a Gotik  |2 gnd 
650 0 7 |0 (DE-588)4049396-9  |0 (DE-627)106187155  |0 (DE-576)209081880  |a Religion  |2 gnd 
650 0 7 |0 (DE-588)4049450-0  |0 (DE-627)104117257  |0 (DE-576)209082151  |a Renaissance  |2 gnd 
650 0 7 |0 (DE-588)4125698-0  |0 (DE-627)104470348  |0 (DE-576)209578750  |a Kultur  |2 gnd 
650 4 |a Christian art and symbolism  |x Germany  |x Nuremberg 
650 4 |a Church decoration and ornament  |x Germany  |x Nuremberg 
651 7 |0 (DE-588)4204453-4  |0 (DE-627)105143294  |0 (DE-576)210162198  |a Sankt Sebald  |g Nürnberg  |2 gnd 
651 7 |0 (DE-588)4011882-4  |0 (DE-627)104704861  |0 (DE-576)208896155  |a Deutschland  |2 gnd 
651 7 |0 (DE-588)4042742-0  |0 (DE-627)106212834  |0 (DE-576)209052325  |a Nürnberg  |2 gnd 
651 4 |a Nuremberg (Germany)  |x Buildings, structures, etc 
651 4 |a Nuremberg (Germany)  |x Church history 
655 7 |a Kunstführer  |0 (DE-588)4166029-8  |0 (DE-627)104492910  |0 (DE-576)209899433  |2 gnd-content 
689 0 0 |d g  |0 (DE-588)4204453-4  |0 (DE-627)105143294  |0 (DE-576)210162198  |a Sankt Sebald  |g Nürnberg  |2 gnd 
689 0 |5 DE-101 
689 1 0 |d g  |0 (DE-588)4204453-4  |0 (DE-627)105143294  |0 (DE-576)210162198  |a Sankt Sebald  |g Nürnberg  |2 gnd 
689 1 1 |d s  |0 (DE-588)4072819-5  |0 (DE-627)106094165  |0 (DE-576)20918826X  |a Innenarchitektur  |2 gnd 
689 1 2 |d s  |0 (DE-588)4161251-6  |0 (DE-627)104668482  |0 (DE-576)209864338  |a Ikonologie  |2 gnd 
689 1 3 |a z  |2 gnd  |a Geschichte 
689 1 |5 (DE-627) 
787 0 8 |i Rezension:  |a Walanus, Wojciech, 1976 -   |t Nowa książka o kościele Św. Sebalda w Norymberdze  |d 2009  |w (DE-627)1503905624  |w (DE-576)43390562X 
787 0 8 |i Rezensiert in  |a Jung, Jacqueline E., 1971 -   |t [Rezension von: Gerhard Weilandt, Die Sebalduskirche in Nürnberg. Bild und Gesellschaft im Zeitalter der Gotik und Renaissance]  |d 2010  |w (DE-627)1853596825 
787 0 8 |i Rezensiert in  |a Exner, Matthias, 1957 - 2020  |t [Rezension von: Gerhard Weilandt, Die Sebalduskirche in Nürnberg. Bild und Gesellschaft im Zeitalter der Gotik und Renaissance]  |d 2008  |w (DE-627)1885180144 
787 0 8 |i Rezensiert in  |a Seeger, Ulrike, 1964 - 2025  |t [Rezension von: Gerhard Weilandt, Die Sebalduskirche in Nürnberg]  |d 2008  |w (DE-627)1914144171 
787 0 8 |i Rezensiert in  |t Nowa ksia̢żka o kościele św. Sebalda w Norymberdze  |d 2009  |w (DE-627)1416120130  |w (DE-576)346120136 
787 0 8 |i Rezensiert in  |t [Rezension]  |d 2011  |w (DE-627)1752556151 
830 0 |a Studien zur internationalen Architektur- und Kunstgeschichte  |v 47  |9 47  |w (DE-627)32764981X  |w (DE-576)064921840  |w (DE-600)2044355-9  |x 2941-8453  |7 am 
856 4 2 |u http://bvbr.bib-bvb.de:8991/F?func=service&doc_library=BVB01&doc_number=014915296&line_number=0002&func_code=DB_RECORDS&service_type=MEDIA  |m V:DE-604  |q application/pdf  |3 Klappentext  |7 1 
856 4 2 |u https://swbplus.bsz-bw.de/bsz254712703inh.htm  |m V:DE-576  |q application/pdf  |v 2007-09-12  |3 Inhaltsverzeichnis  |7 1 
856 4 2 |u http://www.sehepunkte.de/2008/06/13624.html  |m V:DE-576;X:Sehepunkte  |v 20180412105304  |3 Rezension  |7 1 
856 4 2 |u https://www.hsozkult.de/publicationreview/id/rezbuecher-10129  |m V:DE-576;X:HSozKult  |q text/html  |v 20180418171720  |3 Rezension  |7 1 
856 4 2 |u https://swbplus.bsz-bw.de/bsz254712703rez.htm  |m B:DE-576;DE-16  |q application/pdf  |v 20080621000000  |x Verlag  |3 Rezension  |7 1 
856 4 2 |u https://swbplus.bsz-bw.de/bsz254712703rez-1.htm  |m B:DE-576;DE-16  |q application/pdf  |v 20101129000000  |x Verlag  |3 Rezension  |7 1 
856 4 2 |u http://deposit.dnb.de/cgi-bin/dokserv?id=2817006&prov=M&dok_var=1&dok_ext=htm  |m X: MVB  |q text/html  |v 20130501  |x Verlag  |3 Inhaltstext  |7 1 
856 4 2 |u http://scans.hebis.de/HEBCGI/show.pl?18152261_toc.pdf  |m V:DE-604  |q application/pdf  |3 Inhaltsverzeichnis  |7 1 
856 4 2 |u http://scans.hebis.de/HEBCGI/show.pl?18152261_kla.pdf  |m V:DE-604  |q application/pdf  |3 Klappentext  |7 1 
935 |i Blocktest 
936 r v |a NS 3020  |b Nürnberg  |k Geschichte  |k Bayerische Landesgeschichte  |k Allgemeines  |k Teilgebiete der Bayerischen Landesgeschichte  |k Städte, Märkte, Orte  |k Einzelne Städte, Märkte, Orte  |k Einzelne N  |k Nürnberg  |0 (DE-627)1271484730  |0 (DE-625)rvk/130666:  |0 (DE-576)201484730 
936 r v |a LK 55892  |b Kirchen, Kathedralen  |k Kunstgeschichte  |k Kunst nach Ländern bzw. Kontinenten  |k Deutschland  |k Kunsttopografie Deutschlands  |k Orte Deutschlands  |k Orte N  |k Nürnberg  |k Kirchen, Kathedralen  |0 (DE-627)1271750872  |0 (DE-625)rvk/97985:13313  |0 (DE-576)201750872 
936 b k |a 21.70  |j Geschichte der Sakralbaukunst  |0 (DE-627)106421255 
936 b k |a 56.88  |j Sakralbau  |x Architektur  |0 (DE-627)106421204 
936 b k |a 15.56  |j Bayern  |x Geschichte  |q coli-conc RVK->BK  |q https://coli-conc.gbv.de/api/mappings/43c653ef-dd5b-4ab8-994c-d6da9cf453c9  |0 (DE-627)181571625 
936 s n |a l300  |2 mzub 
936 s n |a b100  |2 mzub 
936 s n |a n100  |2 mzub 
951 |a BO 
990 |a Sankt Sebald 
990 |a Sankt Sebald 
990 |a Innenarchitektur 
990 |a Ikonologie 
990 |a Geschichte 
991 |a Rezensiertes Werk 
999 |a KXP-PPN513274790  |e 4399178876